00526nam a2200193Ia 450000500170000000800410001702000220005804100080008008200160008810000160010424500420012025000130016226000430017530000210021844000060023950000300024565000290027570000280030420230426225552.0230125s9999 xx 000 0 und d a978-93-325-7120-4 aeng a302.35bMUL aMullins L J aManagement & Organizational Behaviour a10th Ed. c2016bPearson EducationaUttar Pradesh a814pcPaper Back v2 aOrganizational Behaviour  aOrganizational Behaviour aMullins L J & Christy G